000 00583nam a2200157 4500
999 _c6971
_d6971
008 170711b xxu||||| |||| 00| 0 eng d
022 _a16565541
082 _aDPer 641.05 F73 Dec 2012-Nov 2013 v. 9-10, n. 6-5
100 _921092
_aQuetulio, Goldweene.
245 _aTune hotels/
_cGoldweene Quetulio.
260 _aMakati City, Philippines:
_bHinge Inquirer Publications, Inc.,
_c©2012-2013.
300 _av9 n6, page 33:
_billustrations;
_c28 cm.
500 _aFood and beverages: make a living with food.
650 0 _921093
_aHotel and motels
_xManagement
942 _2ddc
_cPER